000 00335 a2200157 4500
001 160089
020 _a
040 _cMagnum
100 _aMachado, Ana Maria
240 1 0 _aO tesouro da raposa
_lpor
245 1 0 _aO tesouro da raposa
362 0 _a1899
440 1 _aMelhoramentos
697 _aLITERATURA INFANTIL
942 _cBK
999 _c160089
_d160089